000 00366nam a22001577a 4500
003 OSt
008 250419b |||||||| |||| 00| 0 eng d
020 _a9789391061043
082 _a823.076 BHE
100 _aBHARDWAJ,AP
245 _aEnglish Wizard
260 _aNew Delhi
_bGK Publication(p) Ltd.
_c2021
300 _aMISC
650 _aGeneral
942 _2ddc
_cBK
999 _c13342
_d13342